<?xml version="1.0" encoding="UTF-8"?>
<marc:record xmlns:marc="http://www.loc.gov/MARC21/slim">
   <marc:leader>00000nam a2200000 a 4500</marc:leader>
   <marc:datafield ind1="1" ind2=" " tag="100">
      <marc:subfield code="a">Müller, Götz</marc:subfield>
      <marc:subfield code="4">aut</marc:subfield>
      <marc:subfield code="e">Verfasser/-in</marc:subfield>
   </marc:datafield>
   <marc:datafield ind1=" " ind2=" " tag="653">
      <marc:subfield code="a">Literatur</marc:subfield>
   </marc:datafield>
   <marc:datafield ind1=" " ind2=" " tag="653">
      <marc:subfield code="a">Geschichte</marc:subfield>
   </marc:datafield>
   <marc:datafield ind1=" " ind2=" " tag="653">
      <marc:subfield code="a">Science-fiction</marc:subfield>
   </marc:datafield>
   <marc:datafield ind1=" " ind2=" " tag="653">
      <marc:subfield code="a">Sekundärliteratur</marc:subfield>
   </marc:datafield>
   <marc:datafield ind1=" " ind2=" " tag="653">
      <marc:subfield code="a">Utopie</marc:subfield>
   </marc:datafield>
   <marc:datafield ind1=" " ind2=" " tag="653">
      <marc:subfield code="a">Gegenwelten</marc:subfield>
   </marc:datafield>
   <marc:datafield ind1="0" ind2="0" tag="245">
      <marc:subfield code="a">Gegenwelten.</marc:subfield>
   </marc:datafield>
   <marc:datafield ind1="0" ind2="0" tag="245">
      <marc:subfield code="b">die Utopie in der deutschen Literatur</marc:subfield>
   </marc:datafield>
   <marc:datafield ind1=" " ind2="1" tag="264">
      <marc:subfield code="a">Stuttgart</marc:subfield>
      <marc:subfield code="b">Metzler</marc:subfield>
      <marc:subfield code="c">1989</marc:subfield>
   </marc:datafield>
   <marc:datafield ind1="1" ind2=" " tag="520">
      <marc:subfield code="a">PZ 4/89*397 Die Geschichte der Utopien in der deutschen Literatur reicht von Johann V. Andreae bis Arno Schmidt, von Inselutopien und Robinsonaden über Gelehrtenrepubliken bis hin zur Science-fiction. Während die literarische und politische Utopie seit Karl Mannheim und Ernst Bloch in einem Atemzug genannt werden, konzentriert sich das Buch von G. Müller auf das schöpferische Eigenelement der literarischen Utopie, die im Vergleich mit der politischen Utopie höchst unterschiedliche Denk- und Kommunikationsformen aufweist. Die literarische Utopie strebt im Gegensatz zur politisch-emanzipatorischen nicht um jeden Preis kämpferisch nach Verwirklichung. Stets wird aber das Ziel verfolgt, die eigentlich nicht überschaubare Komplexität der Wirklichkeit überschaubar und nicht zuletzt technisch handhabbar zu machen. Im 20. Jahrhundert kommt diese Methode des utopischen Denkens in die Krise. Wenn der Fortschrittsglaube seine Überzeugungskraft verloren hat, kehren auch in der Utopie die seit der Aufklärung überwunden geglaubten alten Geschichten wieder: die Apokalypse und nicht zuletzt die Erbsünde.</marc:subfield>
   </marc:datafield>
   <marc:datafield ind1="0" ind2=" " tag="490">
      <marc:subfield code="v">0</marc:subfield>
   </marc:datafield>
   <marc:datafield ind1=" " ind2=" " tag="300">
      <marc:subfield code="a">377 S.</marc:subfield>
   </marc:datafield>
</marc:record>
